[Event "Tbilisi Maia Cup rapid"]
[Site "Tbilisi"]
[Date "2019.09.05"]
[Round "1"]
[White "Quparadze, Giga"]
[Black "Khomeriki, Ketevan"]
[Result "1-0"]
[WhiteElo "2462"]
[BlackElo "1869"]
[PlyCount "79"]
[EventDate "2019.09.05"]
[EventType "swiss (rapid)"]
[EventRounds "9"]
[EventCountry "GEO"]
[SourceTitle "EXT 2020"]
[Source "ChessBase"]
[SourceDate "2019.10.17"]
[SourceVersion "1"]
[SourceVersionDate "2019.10.17"]
[SourceQuality "1"]

1. e4 e5 2. Nf3 Nc6 3. Bb5 Nge7 4. 0-0 a6 5. Ba4 g6 6. c3 Bg7 7. d4 exd4 8. cxd4 b5 9. Bb3 d6 10. d5 Na5 11. Nc3 Nxb3 12. axb3 Bg4 13. h3 Bxf3 14. Qxf3 0-0 15. Qd3 f5 16. Bg5 Qd7 17. Bxe7 Qxe7 18. exf5 Rxf5 19. Nxb5 Bxb2 20. Ra2 Be5 21. Nd4 Bxd4 22. Qxd4 Qe5 23. Qc4 Qxd5 24. Qxc7 Qxb3 25. Re2 Raf8 26. Qxd6 a5 27. Qd4 a4 28. Rb2 Rf4 29. Qe5 R4f5 30. Qe2 Qd5 31. Rd2 Qc6 32. Rc2 Qb5 33. Qe6+ Kg7 34. Rd1 Qb3 35. Rd7+ Kh6 36. Qe7 Qxc2 37. Qxh7+ Kg5 38. h4+ Kf4 39. Qh6+ Ke5 40. Qe3+ 1-0

[Event "GEO-chT"]
[Site "Ureki"]
[Date "2015.10.07"]
[Round "3.2"]
[White "Khomeriki, Ketevan"]
[Black "Osmak, Iulija"]
[Result "0-1"]
[WhiteElo "1841"]
[BlackElo "2347"]
[PlyCount "96"]
[EventDate "2015.10.05"]
[EventType "team-tourn"]
[EventRounds "7"]
[EventCountry "GEO"]
[SourceTitle "CBM 168 Extra"]
[Source "ChessBase"]
[SourceDate "2015.10.29"]
[SourceVersion "1"]
[SourceVersionDate "2015.10.29"]
[SourceQuality "1"]
[WhiteTeam "Guria"]
[BlackTeam "Samegrelo"]
[WhiteTeamCountry "GEO"]
[BlackTeamCountry "GEO"]

1. e4 e6 2. d4 d5 3. e5 c5 4. Nf3 Nc6 5. Bd3 cxd4 6. 0-0 Nge7 7. Re1 Ng6 8. a3 Qc7 9. Qe2 Be7 10. b4 a6 11. g3 0-0 12. h4 f6 13. h5 Ngxe5 14. Nxe5 fxe5 15. Qg4 e4 16. h6 Bf6 17. hxg7 Qxg7 18. Qxg7+ Bxg7 19. Bf1 d3 20. c3 Ne5 21. Bg2 Bd7 22. Be3 Nc4 23. Ra2 Ba4 24. Bh3 Rfe8 25. Rc1 Rac8 26. Bg4 Bb3 27. Ra1 Nxe3 28. fxe3 Bc2 29. Ra2 Bh6 30. Rcxc2 dxc2 31. Rxc2 Bxe3+ 32. Kg2 Rc6 33. Re2 Bh6 34. a4 Re7 35. Kh3 Bg7 36. Re3 Kf7 37. Bh5+ Kf6 38. Kh4 Rec7 39. Be8 Rc4 40. b5 Ke7 41. Bh5 Rxa4 42. bxa6 bxa6 43. Re2 Ra1 44. Nd2 Rh1+ 45. Kg4 Rxc3 46. Rf2 Be5 47. Nf1 Kd6 48. Be8 Rg1 0-1

[Event "EU-ch rapid (Women)"]
[Site "Kutaisi"]
[Date "2015.06.02"]
[Round "6"]
[White "Khomeriki, Ketevan"]
[Black "Tereladze, Sopiko"]
[Result "1-0"]
[WhiteElo "1861"]
[BlackElo "2128"]
[PlyCount "135"]
[EventDate "2015.06.01"]
[EventType "swiss (rapid)"]
[EventRounds "11"]
[EventCountry "GEO"]
[SourceTitle "CBM 166 Extra"]
[Source "ChessBase"]
[SourceDate "2015.06.18"]
[SourceVersion "1"]
[SourceVersionDate "2015.06.18"]
[SourceQuality "1"]

1. e4 e5 2. Nf3 Nc6 3. Bc4 Nf6 4. Ng5 d5 5. exd5 b5 6. Bxb5 Qxd5 7. Bxc6+ Qxc6 8. Qf3 e4 9. Qc3 Qd5 10. d3 exd3 11. 0-0 Bb7 12. Re1+ Be7 13. Nf3 dxc2 14. Qxc2 Qd6 15. b3 0-0 16. Ba3 c5 17. Nbd2 Rfe8 18. Rad1 Rac8 19. Nc4 Qf4 20. Bc1 Qg4 21. h3 Qh5 22. Re5 Qg6 23. Qe2 Bxf3 24. Qxf3 Bf8 25. Rg5 Qc2 26. Ne3 Rxe3 27. Bxe3 Qb2 28. Bc1 Qc2 29. Re1 Kh8 30. Qb7 Rd8 31. Qxf7 Qc3 32. Rge5 Qd4 33. Bg5 Qd6 34. Re6 Qd7 35. Qxd7 Rxd7 36. Bxf6 gxf6 37. Rxf6 Kg7 38. Rfe6 Rd2 39. Ra6 Rd7 40. g4 Be7 41. Kg2 Bf6 42. Ree6 Bd4 43. Red6 Rf7 44. f3 Re7 45. Re6 Rc7 46. f4 Rd7 47. Kf3 Bb2 48. Red6 Re7 49. g5 Bd4 50. Re6 Rf7 51. Kg4 Rc7 52. f5 Rb7 53. h4 Kf8 54. h5 Rb4 55. Re4 Rb7 56. g6 hxg6 57. fxg6 Kg7 58. Rae6 Bf6 59. Kf5 Bd8 60. Re8 Rd7 61. Rxd8 Rxd8 62. Re7+ Kg8 63. h6 Rc8 64. Rxa7 c4 65. bxc4 Rc5+ 66. Ke6 Rc6+ 67. Kd5 Rxg6 68. Rg7+ 1-0

[Event "EU-ch U18 Girls 24th"]
[Site "Batumi"]
[Date "2014.10.23"]
[Round "5"]
[White "Vanagaite, Giedre"]
[Black "Khomeriki, Ketevan"]
[Result "1-0"]
[WhiteElo "2062"]
[BlackElo "1763"]
[PlyCount "141"]
[EventDate "2014.10.19"]
[EventType "swiss"]
[EventRounds "9"]
[EventCountry "GEO"]
[SourceTitle "EXT 2015"]
[Source "ChessBase"]
[SourceDate "2014.11.20"]
[SourceVersion "1"]
[SourceVersionDate "2014.11.20"]
[SourceQuality "1"]

1. d4 Nf6 2. c4 g6 3. Nc3 Bg7 4. e4 d6 5. f3 0-0 6. Be3 Nbd7 7. Nge2 c6 8. Qd2 e5 9. d5 cxd5 10. cxd5 Nb6 11. Ng3 h5 12. Bd3 Nh7 13. 0-0-0 Bd7 14. Kb1 Rc8 15. b3 f5 16. Nge2 fxe4 17. fxe4 Bf6 18. Rdf1 Bg5 19. Rxf8+ Kxf8 20. Bb5 Kg7 21. Bxd7 Nxd7 22. Nb5 Nc5 23. Nbc3 Bxe3 24. Qxe3 Qg5 25. Qh3 Qg4 26. Qxg4 hxg4 27. b4 Nd3 28. a3 Ng5 29. Rf1 Nf4 30. Nxf4 exf4 31. Nb5 Nxe4 32. Rxf4 Nc3+ 33. Nxc3 Rxc3 34. Kb2 Rd3 35. Rxg4 Rxd5 36. Kc3 Kf6 37. Rd4 Rg5 38. Rxd6+ Ke7 39. Rd2 b5 40. g3 Rf5 41. h4 Ke6 42. Kd4 Rf1 43. Ke4 Rc1 44. Rd3 Rc4+ 45. Ke3 Ke5 46. Kf3 a6 47. g4 Rf4+ 48. Kg3 Rc4 49. Rf3 Rc1 50. h5 gxh5 51. gxh5 Rg1+ 52. Kh4 Ke4 53. Rf6 Ke5 54. Rxa6 Kf5 55. Rb6 Kf4 56. Rf6+ Ke5 57. Rf3 Ke4 58. Rg3 Rd1 59. Kg5 Rd8 60. h6 Rg8+ 61. Kh4 Rh8 62. Kh5 Kf4 63. Rg7 Ra8 64. h7 Rxa3 65. Rg4+ Kf5 66. h8Q Rh3+ 67. Rh4 Rg3 68. Qf8+ Ke6 69. Re4+ Kd5 70. Qf5+ Kd6 71. Re6+ 1-0

[Event "EU-ch U18 Girls 24th"]
[Site "Batumi"]
[Date "2014.10.21"]
[Round "3"]
[White "Khomeriki, Ketevan"]
[Black "Franca, Veronika"]
[Result "1-0"]
[WhiteElo "1763"]
[BlackElo "2006"]
[PlyCount "99"]
[EventDate "2014.10.19"]
[EventType "swiss"]
[EventRounds "9"]
[EventCountry "GEO"]
[SourceTitle "EXT 2015"]
[Source "ChessBase"]
[SourceDate "2014.11.20"]
[SourceVersion "1"]
[SourceVersionDate "2014.11.20"]
[SourceQuality "1"]

1. e4 c5 2. d3 Nc6 3. Nf3 g6 4. g3 Bg7 5. Bg2 e5 6. 0-0 Nge7 7. Nc3 0-0 8. Be3 d6 9. Qd2 Nd4 10. Nh4 f5 11. Bg5 Ne6 12. Bxe7 Qxe7 13. exf5 gxf5 14. Nd5 Qd8 15. c3 f4 16. Rae1 Kh8 17. Qe2 Bd7 18. Be4 Ng5 19. Qh5 Kg8 20. gxf4 Nxe4 21. dxe4 exf4 22. Nf5 Bxf5 23. exf5 Be5 24. Kh1 Kh8 25. Rg1 Qe8 26. Qh6 Qf7 27. Nxf4 Bxf4 28. Qxf4 Qd5+ 29. Qe4 Qxe4+ 30. Rxe4 Rxf5 31. Re7 Rg8 32. Rxg8+ Kxg8 33. Kg2 Rf7 34. Re6 Rd7 35. c4 Kf7 36. Rh6 Kg7 37. Rh5 Kf6 38. f4 Ke6 39. Kf3 Rf7 40. Ke4 a6 41. Rh6+ Kd7 42. f5 Re7+ 43. Kf4 b5 44. b3 bxc4 45. bxc4 Kc6 46. Re6 Rb7 47. f6 Rb2 48. Re3 Rb7 49. Kf5 Rb2 50. Ke6 1-0

[Event "EU-ch U18 Girls 24th"]
[Site "Batumi"]
[Date "2014.10.20"]
[Round "2"]
[White "Tantsiura, Marja"]
[Black "Khomeriki, Ketevan"]
[Result "0-1"]
[WhiteElo "2352"]
[BlackElo "1763"]
[PlyCount "58"]
[EventDate "2014.10.19"]
[EventType "swiss"]
[EventRounds "9"]
[EventCountry "GEO"]
[SourceTitle "EXT 2015"]
[Source "ChessBase"]
[SourceDate "2014.11.20"]
[SourceVersion "1"]
[SourceVersionDate "2014.11.20"]
[SourceQuality "1"]

1. e4 e5 2. Nf3 Nc6 3. Bb5 Nge7 4. c3 g6 5. d4 exd4 6. cxd4 a6 7. Ba4 b5 8. Bb3 Bg7 9. 0-0 0-0 10. Nc3 d6 11. d5 Na5 12. Bc2 Bg4 13. Bd3 c5 14. dxc6 Nexc6 15. Be2 Bxf3 16. Bxf3 Nd4 17. Bg4 Nc4 18. Nd5 h5 19. Bh3 Qh4 20. f4 Rae8 21. b3 Rxe4 22. bxc4 Ne2+ 23. Kh1 Bxa1 24. Ba3 Bg7 25. Bxd6 Rfe8 26. Be5 Nxf4 27. Bxg7 Nxd5 28. Qxd5 Qf2 29. g3 Re1 0-1

[Event "EU-ch U14 Girls"]
[Site "Batumi"]
[Date "2010.09.23"]
[Round "4"]
[White "Soyunlu, Narmin Asat Qizi"]
[Black "Khomeriki, Ketevan"]
[Result "1-0"]
[WhiteElo "1811"]
[BlackElo "1520"]
[PlyCount "66"]
[EventDate "2010.09.20"]
[EventType "swiss"]
[EventRounds "9"]
[EventCountry "GEO"]
[SourceTitle "CBM 138 Extra"]
[Source "ChessBase"]
[SourceDate "2010.10.29"]
[SourceVersion "1"]
[SourceVersionDate "2010.10.29"]
[SourceQuality "1"]

1. c4 e5 2. g3 Nf6 3. Bg2 Nc6 4. Nc3 g6 5. Rb1 Bg7 6. d3 h6 7. e4 b6 8. Nge2 Bb7 9. 0-0 0-0 10. f4 d6 11. h3 Kh7 12. Be3 Qd7 13. Qd2 Ng8 14. f5 Nce7 15. g4 g5 16. Ng3 f6 17. Kf2 Bh8 18. Rh1 Kg7 19. h4 Rf7 20. hxg5 fxg5 21. Bxg5 hxg5 22. Qxg5+ Kf8 23. Rxh8 Rg7 24. Qf6+ Rf7 25. Qh6+ Ke8 26. Nh5 Kd8 27. Nf6 Qe8 28. Nxe8 Nxh6 29. Nf6+ Nhg8 30. Rxg8+ Nxg8 31. Nxg8 Kd7 32. Nh6 Rh7 33. Rh1 Rg7 1-0

[Event "EU-ch U14 Girls"]
[Site "Batumi"]
[Date "2010.09.22"]
[Round "3"]
[White "Khomeriki, Ketevan"]
[Black "Cazacu, Gabriela"]
[Result "1-0"]
[WhiteElo "1520"]
[BlackElo "1630"]
[PlyCount "104"]
[EventDate "2010.09.20"]
[EventType "swiss"]
[EventRounds "9"]
[EventCountry "GEO"]
[SourceTitle "CBM 138 Extra"]
[Source "ChessBase"]
[SourceDate "2010.10.29"]
[SourceVersion "1"]
[SourceVersionDate "2010.10.29"]
[SourceQuality "1"]

1. e4 c5 2. d3 Nc6 3. f4 d6 4. g3 g6 5. Bg2 Bg7 6. c3 Bd7 7. Nf3 b5 8. 0-0 b4 9. Be3 Nf6 10. h3 0-0 11. Bf2 Ne8 12. a3 a5 13. Qc2 Nc7 14. Re1 Nb5 15. a4 Nba7 16. Nbd2 Rb8 17. d4 bxc3 18. bxc3 cxd4 19. Nxd4 Qc8 20. N4b3 Bxh3 21. Bxh3 Qxh3 22. Nf3 Qd7 23. Rad1 Rfc8 24. Nc5 Qg4 25. Nh2 Qh3 26. Rd3 dxc5 27. g4 Rb2 28. Qd1 Qh6 29. g5 Qh5 30. Rf3 Rxf2 31. Rxf2 Qxd1 32. Rxd1 Bxc3 33. Rc2 Bd4+ 34. Kg2 Nb4 35. Rc4 Nac6 36. Nf3 Be3 37. Kg3 Rd8 38. Re1 Rd3 39. Kg4 Nd4 40. Ne5 Ra3 41. Rxc5 h5+ 42. gxh6 f5+ 43. exf5 gxf5+ 44. Kh5 Nbc6 45. Rxc6 Nxc6 46. Nxc6 Bxf4 47. Nxe7+ Kh7 48. Nxf5 Bxh6 49. Re7+ Bg7 50. Rxg7+ Kh8 51. Rg4 Rh3+ 52. Nh4 Ra3 1-0

[Event "EU-ch U14 Girls"]
[Site "Batumi"]
[Date "2010.09.20"]
[Round "1"]
[White "Khomeriki, Ketevan"]
[Black "Milutinovic, Stefana"]
[Result "0-1"]
[WhiteElo "1520"]
[BlackElo "1859"]
[PlyCount "78"]
[EventDate "2010.09.20"]
[EventType "swiss"]
[EventRounds "9"]
[EventCountry "GEO"]
[SourceTitle "CBM 138 Extra"]
[Source "ChessBase"]
[SourceDate "2010.10.29"]
[SourceVersion "1"]
[SourceVersionDate "2010.10.29"]
[SourceQuality "1"]

1. e4 d6 2. d4 Nf6 3. f3 g6 4. Be3 c6 5. Bd3 Nbd7 6. Ne2 Bg7 7. Nd2 0-0 8. 0-0 e5 9. c3 Re8 10. Qc2 d5 11. Rae1 Qc7 12. Kh1 b6 13. c4 dxe4 14. Nxe4 Nxe4 15. Bxe4 f5 16. Bd3 exd4 17. Bxd4 Ne5 18. Ng3 Be6 19. Bxe5 Bxe5 20. Qf2 Rad8 21. Rd1 Rxd3 22. Rxd3 Bxc4 23. Rdd1 Bxg3 24. hxg3 Bxf1 25. Rxf1 Qe5 26. b3 c5 27. f4 Qe2 28. Qxe2 Rxe2 29. a3 Re3 30. Rf3 Rxf3 31. gxf3 b5 32. Kg2 Kf7 33. Kf2 Ke6 34. Ke3 Kd5 35. Kd3 c4+ 36. bxc4+ bxc4+ 37. Kc3 Kc5 38. g4 h5 39. gxf5 gxf5 0-1